Dopad spotrebnej dane z vína na vybrané makroekonomické ukazovatele
Spotreba vína v Európskej únii a v Slovenskej republike. Dopad spotrebnej dane z vína na vybrané makroekonomické ukazovatele. Saldo zahraničného obchodu. Využiteľnosť výrobných kapacít.
Enregistré dans:
| Auteur principal: | |
|---|---|
| Format: | Chapitre de livre |
| Langue: | slovaque |
| Sujets: | |
| Tags: |
Pas de tags, Soyez le premier à ajouter un tag!
|
MARC
| LEADER | 00000nla a2200000 4500 | ||
|---|---|---|---|
| 001 | 0164893 | ||
| 005 | 20240502072858.3 | ||
| 041 | 0 | |a slo | |
| 044 | |a SK | ||
| 245 | 1 | 0 | |a Dopad spotrebnej dane z vína na vybrané makroekonomické ukazovatele |c Juraj Válek |
| 520 | |a Spotreba vína v Európskej únii a v Slovenskej republike. Dopad spotrebnej dane z vína na vybrané makroekonomické ukazovatele. Saldo zahraničného obchodu. Využiteľnosť výrobných kapacít. | ||
| 610 | 2 | 0 | |a dane spotrebné |
| 610 | 2 | 0 | |a víno |
| 610 | 2 | 0 | |a vinohradníctvo |
| 610 | 2 | 0 | |a výroba |
| 610 | 2 | 0 | |a spotreba |
| 610 | 2 | 0 | |a saldo |
| 610 | 2 | 0 | |a obchod zahraničný |
| 610 | 2 | 0 | |a Slovensko |
| 610 | 2 | 0 | |a Európska únia |
| 100 | 1 | |a Válek, Juraj, 1981- | |